[Event "Palmanova Blau Escacs op 1st"]
[Site "Palmanova"]
[Date "2015.04.14"]
[Round "4"]
[White "Rossello Sanchez, Bartolome"]
[Black "Dadello, Andrzej"]
[Result "0-1"]
[WhiteElo "1501"]
[BlackElo "1801"]
[PlyCount "44"]
[EventDate "2015.04.11"]
[EventType "swiss"]
[EventRounds "9"]
[EventCountry "ESP"]
[SourceTitle "CBM 166 Extra"]
[Source "ChessBase"]
[SourceDate "2015.06.18"]
[SourceVersion "1"]
[SourceVersionDate "2015.06.18"]
[SourceQuality "1"]

1. b3 d5 2. Bb2 c5 3. e3 Nc6 4. d3 e5 5. Nd2 Nf6 6. Be2 Bd6 7. a3 b6 8. c4 Bb7 9. Bf3 Bc7 10. cxd5 Nxd5 11. Be4 Qd7 12. Ngf3 0-0-0 13. Nc4 f5 14. Bxf5 Qxf5 15. e4 Qg6 16. Nh4 Qg5 17. exd5 Nd4 18. Bxd4 exd4 19. Nf3 Qxg2 20. Rg1 Rhe8+ 21. Kd2 Qxf2+ 22. Kc1 Bxd5 0-1

[Event "Marianske Lazne op 14th"]
[Site "Marianske Lazne"]
[Date "2015.01.17"]
[Round "1"]
[White "Gasthofer, Viktor"]
[Black "Dadello, Andrzej"]
[Result "1-0"]
[WhiteElo "2323"]
[BlackElo "1816"]
[PlyCount "127"]
[EventDate "2015.01.17"]
[EventType "swiss"]
[EventRounds "9"]
[EventCountry "CZE"]
[SourceTitle "CBM 164 Extra"]
[Source "ChessBase"]
[SourceDate "2015.03.02"]
[SourceVersion "1"]
[SourceVersionDate "2015.03.02"]
[SourceQuality "1"]

1. c4 e6 2. Nf3 d5 3. d4 Nf6 4. g3 c6 5. Nbd2 Bd6 6. Bg2 Nbd7 7. 0-0 0-0 8. Qc2 e5 9. cxd5 cxd5 10. dxe5 Nxe5 11. Nxe5 Bxe5 12. Nf3 Qc7 13. Qxc7 Bxc7 14. Be3 Bd6 15. Bd4 Ne4 16. Rfd1 Be6 17. Ne1 Be7 18. Rac1 Rfc8 19. Nd3 b6 20. Nf4 Bf6 21. Bxf6 Nxf6 22. Rxc8+ Rxc8 23. Nxd5 Nxd5 24. Bxd5 Rd8 25. e4 Kf8 26. Kg2 Ke7 27. Kf3 Bxd5 28. Rxd5 Rc8 29. Ke3 Rc2 30. Rd2 Rc1 31. h4 Re1+ 32. Kf4 Rc1 33. h5 g6 34. hxg6 hxg6 35. g4 Rc5 36. g5 Rc4 37. f3 Rc1 38. Rd5 Rc2 39. Rb5 Kd7 40. Ke5 Ke7 41. a4 Rf2 42. f4 Rc2 43. b3 Rc3 44. Rb4 Rc6 45. Rc4 Re6+ 46. Kd4 Rd6+ 47. Kc3 Rd7 48. Rc6 Ke8 49. Kc4 Kd8 50. e5 Ke7 51. b4 Ke8 52. Rf6 Re7 53. Kb5 Rc7 54. e6 fxe6 55. Rxg6 Re7 56. Rh6 e5 57. Rh8+ Kd7 58. f5 e4 59. f6 Re5+ 60. Ka6 e3 61. f7 e2 62. f8Q e1Q 63. Qc8+ Kd6 64. Rd8+ 1-0

[Event "EU-ch rapid"]
[Site "Warsaw"]
[Date "2012.12.15"]
[Round "1"]
[White "Dadello, Andrzej"]
[Black "Kempinski, Robert"]
[Result "0-1"]
[WhiteElo "1763"]
[BlackElo "2599"]
[PlyCount "68"]
[EventDate "2012.12.15"]
[EventType "swiss (rapid)"]
[EventRounds "11"]
[EventCountry "POL"]
[SourceTitle "EXT 2014"]
[Source "ChessBase"]
[SourceDate "2013.11.20"]
[SourceVersion "1"]
[SourceVersionDate "2013.11.20"]
[SourceQuality "1"]

1. c4 g6 2. Nc3 Bg7 3. Nf3 Nf6 4. g3 d5 5. cxd5 Nxd5 6. Bg2 0-0 7. 0-0 Nc6 8. d4 Nb6 9. d5 Na5 10. e4 c6 11. Nd4 cxd5 12. exd5 e6 13. d6 Qxd6 14. Ndb5 Qe7 15. Bf4 e5 16. Re1 a6 17. Na3 Nc6 18. Be3 Rd8 19. Qe2 Nd4 20. Bxd4 Rxd4 21. Rad1 Bg4 22. f3 Rxd1 23. Rxd1 Be6 24. Nc2 Rd8 25. Ne3 Rd4 26. Nc2 Rxd1+ 27. Qxd1 h5 28. h3 h4 29. g4 Bh6 30. Kh1 Bf4 31. b3 Kg7 32. Ne2 Nd5 33. Nxf4 Nxf4 34. Ne3 Qc5 0-1

[Event "Liberec op 13th"]
[Site "Liberec"]
[Date "2012.10.24"]
[Round "6"]
[White "Dadello, Andrzej"]
[Black "Nemcova, Karin"]
[Result "1-0"]
[WhiteElo "1763"]
[BlackElo "1590"]
[PlyCount "47"]
[EventDate "2012.10.20"]
[EventType "swiss"]
[EventRounds "9"]
[EventCountry "CZE"]
[SourceTitle "EXT 2013"]
[Source "ChessBase"]
[SourceDate "2012.11.22"]
[SourceVersion "1"]
[SourceVersionDate "2012.11.22"]
[SourceQuality "1"]

1. e4 c5 2. Nf3 d6 3. d4 cxd4 4. Nxd4 Nf6 5. Nc3 g6 6. Be3 Bg7 7. f3 0-0 8. Qd2 Nc6 9. 0-0-0 Nxd4 10. Bxd4 Be6 11. Kb1 a6 12. g4 b5 13. h4 Rc8 14. h5 Bc4 15. hxg6 hxg6 16. Qh2 Re8 17. Be3 Qc7 18. Bh6 Bh8 19. e5 dxe5 20. Bf8 Kxf8 21. Qxh8+ Ng8 22. Rh7 Red8 23. Qg7+ Ke8 24. Qxg8# 1-0

[Event "Liberec op 12th"]
[Site "Liberec"]
[Date "2011.10.24"]
[Round "3"]
[White "Dadello, Andrzej"]
[Black "Musil, Vitezslav"]
[Result "1-0"]
[WhiteElo "1772"]
[BlackElo "2005"]
[PlyCount "71"]
[EventDate "2011.10.22"]
[EventType "swiss"]
[EventRounds "9"]
[EventCountry "CZE"]
[SourceTitle "EXT 2012"]
[Source "ChessBase"]
[SourceDate "2011.11.24"]
[SourceVersion "1"]
[SourceVersionDate "2011.11.24"]
[SourceQuality "1"]

1. c4 e5 2. Nc3 d6 3. g3 Nc6 4. Bg2 Nf6 5. d3 g6 6. Bg5 h6 7. Be3 Bg7 8. Nf3 0-0 9. h3 a6 10. Qd2 Kh7 11. g4 Ng8 12. 0-0-0 Nd4 13. Rdg1 Rb8 14. h4 Nxf3 15. Bxf3 b5 16. Ne4 Ne7 17. Bxh6 Bxh6 18. Nf6+ Kg7 19. g5 Nf5 20. h5 Rh8 21. gxh6+ Nxh6 22. Ne4 bxc4 23. hxg6 fxg6 24. Bh5 Ng4 25. Bxg4 Rxh1 26. Rxh1 Bxg4 27. Qh6+ Kf7 28. Qh7+ Ke6 29. Qxg6+ Kd5 30. Qxg4 cxd3 31. Rd1 Kc6 32. Rxd3 Qh8 33. Ng3 Qh6+ 34. e3 Rf8 35. Rc3+ Kb7 36. Qd7 1-0

[Event "Liberec op"]
[Site "Liberec"]
[Date "2007.11.14"]
[Round "6"]
[White "Dadello, Andrzej"]
[Black "Sedlak, Jaroslav"]
[Result "1-0"]
[WhiteElo "1785"]
[BlackElo "1810"]
[PlyCount "53"]
[EventDate "2007.11.10"]
[EventType "swiss"]
[EventRounds "9"]
[EventCountry "CZE"]
[SourceTitle "EXT 2008"]
[Source "ChessBase"]
[SourceDate "2007.11.25"]
[SourceVersion "1"]
[SourceVersionDate "2007.11.25"]
[SourceQuality "1"]

1. e4 c5 2. Nf3 g6 3. d4 cxd4 4. Nxd4 Bg7 5. Nb3 d6 6. Qf3 Nc6 7. Nc3 a6 8. Bd2 Be6 9. Bd3 Bxb3 10. axb3 e6 11. 0-0 Nge7 12. Rfe1 0-0 13. Qh3 Ne5 14. Kh1 N7c6 15. f4 Nxd3 16. Qxd3 Nb4 17. Qh3 Nxc2 18. Red1 Nd4 19. b4 Qb6 20. Na2 Nc2 21. f5 exf5 22. exf5 Bxb2 23. Bh6 Rfe8 24. fxg6 fxg6 25. Qb3+ d5 26. Qxb2 d4 27. Qxc2 1-0

[Event "Liberec op"]
[Site "Liberec"]
[Date "2007.11.14"]
[Round "5"]
[White "Hruby, Vaclav"]
[Black "Dadello, Andrzej"]
[Result "1/2-1/2"]
[WhiteElo "1856"]
[BlackElo "1785"]
[PlyCount "66"]
[EventDate "2007.11.10"]
[EventType "swiss"]
[EventRounds "9"]
[EventCountry "CZE"]
[SourceTitle "EXT 2008"]
[Source "ChessBase"]
[SourceDate "2007.11.25"]
[SourceVersion "1"]
[SourceVersionDate "2007.11.25"]
[SourceQuality "1"]

1. c4 e5 2. Nc3 Nc6 3. g3 Nf6 4. Bg2 Be7 5. Nf3 0-0 6. 0-0 Bc5 7. e3 d6 8. d4 exd4 9. exd4 Bb4 10. Qb3 Bxc3 11. bxc3 Rb8 12. Bd2 Bf5 13. Rfe1 Re8 14. Rxe8+ Qxe8 15. Re1 Qd7 16. d5 Na5 17. Qb4 b6 18. Nd4 Bh3 19. Nb3 Nxb3 20. axb3 Qf5 21. Qa4 a5 22. Qa2 Re8 23. Rxe8+ Nxe8 24. Be3 Nf6 25. f3 Bxg2 26. Kxg2 Qd3 27. Bd4 Nd7 28. Kf2 Ne5 29. Qe2 Qxe2+ 30. Kxe2 f6 31. h3 Kf7 32. f4 Nd7 33. Ke3 f5 1/2-1/2